000 00822nam a2200217 a 4500
001 000023834
005 20200930022513.0
008 110114s1995 dr ab 000 0 spa d
040 _aDO-SdBNP
_bspa
_cBNPHU
082 _axxx
_bB792m
100 1 _aBoyrie Moya, Emile de
_935200
245 1 0 _aMonumento megalítico y petroglifos de Chacuey, República Dominicana /
_cEmile de Boyrie Moya.
260 _aSanto Domingo :
_bInstituto Dominicano de Investigaciones Antropológicas,
_c1995.
300 _a223 p. :
_bil. ;
_c24 cm.
490 1 _aPublicaciones de la Universidad de Santo Domingo
_v97
500 _aIncluye notas al pie de las páginas
500 _aAño del Benefactor de la Patria
504 _aBibliografía : 173-205
830 0 _aPublicaciones de la Universidad de Santo Domingo
_v97
_9818
049 _aBNPD
999 _c23330
_d23330